[Event "Zlin Region-chT 2324"]
[Site "Czech Republic"]
[Date "2024.03.03"]
[Round "9.5"]
[White "Hlusek, Pavel"]
[Black "Kolouch, Jiri"]
[Result "1/2-1/2"]
[WhiteElo "1923"]
[BlackElo "1887"]
[PlyCount "57"]
[EventDate "2023.10.22"]
[EventType "team-tourn"]
[EventRounds "11"]
[EventCountry "CZE"]
[SourceTitle "EXT 2025"]
[Source "ChessBase"]
[SourceDate "2024.10.14"]
[SourceVersion "1"]
[SourceVersionDate "2024.10.14"]
[SourceQuality "1"]
[WhiteTeam "Borsice"]
[BlackTeam "Vlcnov "]
[WhiteTeamCountry "CZE"]
[BlackTeamCountry "CZE"]

1. e4 b6 2. d4 Bb7 3. Bd3 e6 4. Ne2 c5 5. c3 Nf6 6. Ng3 Nc6 7. Be3 cxd4 8. cxd4 Nb4 9. 0-0 Nxd3 10. Qxd3 Be7 11. Nc3 0-0 12. a3 a6 13. b4 b5 14. Rfd1 d5 15. f3 Rc8 16. Nf1 Nd7 17. Nd2 Nb6 18. Nb3 Nc4 19. Bc1 Bc6 20. e5 Qb6 21. Nc5 Ra8 22. Qe2 Ra7 23. Ra2 Rfa8 24. Bb2 a5 25. Rda1 axb4 26. axb4 Rxa2 27. Rxa2 Rxa2 28. Nxa2 Qa7 29. Bc1 1/2-1/2